El hombre y el agua : sistema Lerma Chapala /
Panorama del sistema hídrico conocido como la cuenca Lerma Chapala. Presenta un resumen de la información política, demográfica, morfológica de hidrológica, así como los usos de este sistema y los proyectos y obras elaborados con el provecho de un mejor aprovechamiento de la cuenca.
Збережено в:
| Автор: | |
|---|---|
| Інші автори: | |
| Формат: | Книга |
| Мова: | Іспанська |
| Опубліковано: |
Guadalajara, México :
Comisión Estatal de Agua y Saneamiento del Estado de Jalisco : Colegio de Ingenieros Civiles del Estado de Jalisco,
2006, c2006
|
| Предмети: | |
| Теги: |
Немає тегів, Будьте першим, хто поставить тег для цього запису!
|
MARC
| LEADER | 00000nam^a2200000^a^4500 | ||
|---|---|---|---|
| 001 | 000622058 | ||
| 005 | 20251002000000.0 | ||
| 009 | 20260310133911.357 | ||
| 037 | |a Acervo ITESO - Biblioteca | ||
| 041 | |a ESP | ||
| 082 | |a 333. 9100972 |b SAN | ||
| 100 | |a Sandoval, Francisco de P. |e (autor) | ||
| 245 | 1 | 3 | |a El hombre y el agua : |b sistema Lerma Chapala / |c F.P Sandoval ; presen. de E. Dau Flores. |
| 264 | 4 | |a Guadalajara, México : |b Comisión Estatal de Agua y Saneamiento del Estado de Jalisco : |b Colegio de Ingenieros Civiles del Estado de Jalisco, |c 2006, c2006 | |
| 300 | |a 219 p. | ||
| 336 | |a texto |b txt |2 rdacontenido | ||
| 337 | |a sin mediación |b n |2 rdamedio | ||
| 338 | |a volumen |b nc |2 rdasoporte | ||
| 520 | |a Panorama del sistema hídrico conocido como la cuenca Lerma Chapala. Presenta un resumen de la información política, demográfica, morfológica de hidrológica, así como los usos de este sistema y los proyectos y obras elaborados con el provecho de un mejor aprovechamiento de la cuenca. | ||
| 561 | |a Dedicatoria con la leyenda: Para Pepe Martín con mi verdadero aprecio, 22 nov 2006 | ||
| 649 | |a XX | ||
| 650 | |a Chapala (Lago) | ||
| 650 | |a Lerma (Río) | ||
| 650 | |a Cuencas Hidrográficas - |z México - |x Congresos | ||
| 650 | |a Agua - |x Abastecimiento | ||
| 650 | |a Agua - |x Aprovechamiento | ||
| 650 | |a Sistema de Agua Potable | ||
| 650 | |a Agua - |x Contaminación | ||
| 650 | |a Agua - |z Jalisco - |x Aspectos Sociales y Culturales | ||
| 650 | |a Agua - |z México - |x Aspectos Sociales y Culturales | ||
| 650 | |a Agua - |z Jalisco - |x Aspectos Tecnológicos | ||
| 650 | |a Agua - |z México - |x Aspectos Tecnológicos | ||
| 650 | |a Recursos Naturales - |z Jalisco | ||
| 650 | |a Recursos Naturales - |z México | ||
| 650 | |a Hidrografía | ||
| 650 | |a Geografía Física | ||
| 650 | |a Ecología | ||
| 650 | |a Economía | ||
| 700 | |a Dau Flores, Enrique |e (presentación) | ||
| 910 | |a Fondo General | ||
| 920 | |a Impresos - Libros | ||
| 930 | |a Reserva Especial | ||
| 905 | |a 103 | ||
| 901 | |a 622246-10 |b IT1 |c REE |i D132042 |u 20251002 | ||
| 902 | |a https://opac.biblio.iteso.mx/vufind/Record/000622058 | ||